Normal view
MARC view
- Arora S L
Entry Personal Name
001 - CONTROL NUMBER
- control field: 6853
003 - CONTROL NUMBER IDENTIFIER
- control field: OSt
005 - DATE AND TIME OF LATEST TRANSACTION
- control field: 20180824093739.0
008 - FIXED-LENGTH DATA ELEMENTS
- fixed length control field: 180824|| aca||aabn | a|a d
040 ## - CATALOGING SOURCE
- Original cataloging agency: OSt
- Transcribing agency: OSt
100 ## - HEADING--PERSONAL NAME
- Personal name: Arora S L
670 ## - SOURCE DATA FOUND
- Source citation: Work cat.: (OSt): Arora S L, Physics - XII, 2018